Cấu trúc máy tính cơ bản.

Salvato in:
Dettagli Bibliografici
Natura: Sách giấy
Lingua:Vietnamese
Pubblicazione: H. : Thống kê , 1999.
Soggetti:
Tags: Aggiungi Tag
Nessun Tag, puoi essere il primo ad aggiungerne! !
Thư viện lưu trữ: Thư viện Trường Đại học Đà Lạt
LEADER 00536nam a2200241 4500
001 DLU020019490
005 ##20020111
020 # # |a 978- 
041 # # |a vie 
082 # # |a 004.22  |b Cau 
245 # # |a Cấu trúc máy tính cơ bản. 
260 # # |a H. :  |b Thống kê ,  |c 1999. 
300 # # |a 360 tr.;   |c 21 cm. 
650 # # |a Cấu trúc máy tính. 
992 # # |a 34000 
994 # # |a DLU 
900 # # |a False 
911 # # |a Administrator 
925 # # |a G 
926 # # |a A 
927 # # |a SH 
980 # # |a Thư viện Trường Đại học Đà Lạt